Normal view MARC view
  • Durrani, Dr Atsh

Entry Personal Name

Number of records used in: 1

001 - CONTROL NUMBER

  • control field: 109750

003 - CONTROL NUMBER IDENTIFIER

  • control field: NUST

005 - DATE AND TIME OF LATEST TRANSACTION

  • control field: 20230304143309.0

008 - FIXED-LENGTH DATA ELEMENTS

  • fixed length control field: 230304|| aca||aabn | a|a d

040 ## - CATALOGING SOURCE

  • Original cataloging agency: NUST
  • Transcribing agency: NUST

100 ## - HEADING--PERSONAL NAME

  • Personal name: Durrani, Dr Atsh

670 ## - SOURCE DATA FOUND

  • Source citation: Work cat.: (NUST)187980: Durrani, Dr Atsh , urdu istilahat-e-sazi / اردو اصطلاحات سازی (Urdu) /, 1993
© 2023 Central Library, National University of Sciences and Technology. All Rights Reserved.